000 00617nam a2200217Ia 4500
001 12791
003 GE_BSU
008 181216s||||||||xx |||||||||||||| ||und||
040 _cGE_BSU
080 _a631.6(075.8)
100 _aЯрмизин,Д.В. Лысогоров,С.Д. Балан,А.Г.
245 _aМелиоративное земледелие
245 _bУчебник
245 _cРед.М.Г.Быкова
260 _aМосква
260 _bКолос
260 _c1966
300 _a424стр.илл.20см.
653 _aМелиоративное земледелие
942 _cBK
999 _c45962
_d45962